Bạn trẻ tự quản lý đồng tiền : Kiếm tiền, phát triển, sử sụng, tiết kiệm, và làm từ thiện

Shranjeno v:
Bibliografske podrobnosti
Glavni avtor: Nguyễn, Thị Kim Anh
Format: Knjiga
Jezik:Undetermined
Izdano: Thành phố Hồ Chí Minh Trẻ 2007
Teme:
Oznake: Označite
Brez oznak, prvi označite!
Thư viện lưu trữ: Trung tâm Học liệu Trường Đại học Cần Thơ
LEADER 00662nam a2200205Ia 4500
001 CTU_128586
008 210402s9999 xx 000 0 und d
020 |c 24000 
082 |a 640.42 
082 |b A107 
100 |a Nguyễn, Thị Kim Anh 
245 0 |a Bạn trẻ tự quản lý đồng tiền : 
245 0 |b Kiếm tiền, phát triển, sử sụng, tiết kiệm, và làm từ thiện 
245 0 |c Nguyễn Thị Kim Anh 
260 |a Thành phố Hồ Chí Minh 
260 |b Trẻ 
260 |c 2007 
650 |a Home economics 
904 |i Minh 
980 |a Trung tâm Học liệu Trường Đại học Cần Thơ